Optics futures and other derivatives (Record no. 161370)

MARC details
000 -LEADER
fixed length control field 00674nam a2200253Ia 4500
003 - CONTROL NUMBER IDENTIFIER
control field OSt
005 - DATE AND TIME OF LATEST TRANSACTION
control field 20240724112352.0
008 - FIXED-LENGTH DATA ELEMENTS--GENERAL INFORMATION
fixed length control field 210423s2012 xx 000 0 und d
020 ## - INTERNATIONAL STANDARD BOOK NUMBER
International Standard Book Number 9788131790311
040 ## - CATALOGING SOURCE
Transcribing agency AL
041 ## - LANGUAGE CODE
Language code of text/sound track or separate title eng
082 ## - DEWEY DECIMAL CLASSIFICATION NUMBER
Classification number 332.644
Edition number 23
Item number HULO
100 ## - MAIN ENTRY--PERSONAL NAME
Personal name John C Hull
9 (RLIN) 95371
245 ## - TITLE STATEMENT
Title Optics futures and other derivatives
250 ## - EDITION STATEMENT
Edition statement 8th ed.
260 ## - PUBLICATION, DISTRIBUTION, ETC.
Place of publication, distribution, etc. New Delhi
Name of publisher, distributor, etc. Pearson
Date of publication, distribution, etc. 2012
300 ## - PHYSICAL DESCRIPTION
Extent xx,872
Other physical details PB
365 ## - TRADE PRICE
Price amount 600
Currency code INR
650 ## - SUBJECT ADDED ENTRY--TOPICAL TERM
Topical term or geographic name entry element Financial Economics
9 (RLIN) 95372
650 ## - SUBJECT ADDED ENTRY--TOPICAL TERM
Topical term or geographic name entry element Investment Management
9 (RLIN) 95373
700 ## - ADDED ENTRY--PERSONAL NAME
Personal name Basu, Sankarshan
9 (RLIN) 174046
906 ## - LOCAL DATA ELEMENT F, LDF (RLIN)
a derivatives ; futures ; Optics ; other
942 ## - ADDED ENTRY ELEMENTS (KOHA)
Source of classification or shelving scheme Dewey Decimal Classification
Koha item type Book
Holdings
Withdrawn status Lost status Source of classification or shelving scheme Damaged status Not for loan Collection code Home library Current library Date acquired Source of acquisition Cost, normal purchase price Total Checkouts Full call number Barcode Date last seen Price effective from Koha item type
    Dewey Decimal Classification     M Com St Aloysius PG Library St Aloysius PG Library 08/08/2013 Jupiter 600.00   332.644 HULO PG007852 08/24/2022 04/26/2021 Book